Statistics for What's Wrong With This Map of Europe?

Click here to take the quiz!

General Stats

  • This quiz has been taken 2,021 times
  • The average score is 9 of 10

Answer Stats

IncorrectCorrect% Correct
BelgiumFrance
93%
FinlandNorway
92%
GreenlandDenmark
91%
NorwayFinland
91%
TurkeyGreece
91%
BelarusPoland
91%
LatviaEstonia
89%
IrelandIceland
89%
SerbiaBulgaria
84%
MonacoMalta
84%

Score Distribution

Percentile by Number Answered

Percent of People with Each Score

Your Score History

You have not taken this quiz